000
00289nam a22000977a 4500
999
_c
11242
_d
11242
008
181113b ||||| |||| 00| 0 eng d
020
_a
0199464693
100
_a
Tewari,R.Jatashankar
_9
6991
245
_a
Hotel Front Office Operations and Management
260
_a
UK
_b
Oxford University Press
_c
2018